[Event "Oruro Baptista Memorial"]
[Site "Oruro"]
[Date "2023.11.04"]
[Round "7"]
[White "Saavedra Aiza, Alejandro"]
[Black "Tapia Espada, Antonio Enrique"]
[Result "0-1"]
[WhiteElo "1411"]
[BlackElo "1686"]
[PlyCount "94"]
[EventDate "2023.11.01"]
[EventType "swiss"]
[EventRounds "9"]
[EventCountry "BOL"]
[SourceTitle "Mega2024 Update 01"]
[Source "Chessbase"]
[SourceDate "2023.11.12"]
[SourceVersion "1"]
[SourceVersionDate "2023.11.12"]
[SourceQuality "1"]

1. d4 Nf6 2. Nc3 d5 3. Bf4 a6 4. h3 e6 5. a3 Bd6 6. Bxd6 Qxd6 7. Nf3 Nbd7 8. e3 b6 9. Be2 0-0 10. 0-0 Bb7 11. Re1 c5 12. Rc1 Rfd8 13. Bd3 c4 14. Bf1 b5 15. g3 Bc6 16. Na2 Ne4 17. Bg2 a5 18. c3 Rf8 19. Rc2 b4 20. Rce2 bxa3 21. b4 axb4 22. cxb4 Ba4 23. Qb1 Bb3 24. Nd2 Bxa2 25. Qxa2 Nc3 26. Qa1 Qxb4 27. Nb1 Nxe2+ 28. Rxe2 Rfb8 29. Nc3 f5 30. Kh2 Nf6 31. f3 Qb6 32. e4 dxe4 33. fxe4 Qxd4 34. exf5 Nd5 35. Bxd5 exd5 36. f6 Qxf6 37. Qc1 Rb2 38. Rxb2 axb2 39. Qxb2 Rf8 40. Qd2 Qf2+ 41. Qxf2 Rxf2+ 42. Kg1 Rd2 43. g4 d4 44. Ne4 c3 45. Kf1 c2 46. Nxd2 c1Q+ 47. Ke2 g5 0-1

[Event "Oruro op 8th"]
[Site "Oruro"]
[Date "2022.05.07"]
[Round "6"]
[White "Rosas Navarro, Bruno Shahid"]
[Black "Saavedra Aiza, Alejandro"]
[Result "1/2-1/2"]
[WhiteElo "1190"]
[BlackElo "1300"]
[PlyCount "103"]
[EventDate "2022.05.05"]
[EventType "swiss"]
[EventRounds "7"]
[EventCountry "BOL"]
[SourceTitle "CBM 208 Extra"]
[Source "ChessBase"]
[SourceDate "2022.07.31"]
[SourceVersion "1"]
[SourceVersionDate "2022.07.31"]
[SourceQuality "1"]

1. e4 Nc6 2. Bc4 Nf6 3. d3 e5 4. Nf3 Bc5 5. 0-0 d6 6. h3 Be6 7. Bxe6 fxe6 8. Re1 0-0 9. c3 Qe8 10. Nbd2 Nh5 11. Nf1 Qg6 12. d4 exd4 13. cxd4 Bb6 14. Be3 Qxe4 15. N1d2 Qg6 16. Nc4 Nb4 17. Nxb6 axb6 18. Nh4 Qf7 19. a3 Nd5 20. Qf3 Qxf3 21. Nxf3 Rae8 22. Re2 Nhf4 23. Bxf4 Nxf4 24. Re3 Rf6 25. Nh2 Rg6 26. g4 Rh6 27. Rc1 Nxh3+ 28. Kh1 Nxf2+ 29. Kg2 Rxh2+ 30. Kg3 Rf8 31. Rxe6 Rh6 32. Re2 Nd3 33. Rxc7 Rh3+ 34. Kxh3 Nf4+ 35. Kh4 Nxe2 36. Rxb7 Nxd4 37. Rxb6 Rd8 38. b4 Kf7 39. a4 Ne6 40. a5 d5 41. Kg3 Kf6 42. a6 Ra8 43. b5 Ke5 44. Rb7 Kd6 45. a7 Nd4 46. b6 Nc6 47. Rc7 Nxa7 48. Rxa7 Rg8 49. Rc7 h6 50. Rf7 Rb8 51. b7 Rg8 52. Kf3 1/2-1/2